000 04229cgm a2200805Ki 4500
001 on1149063278
003 OCoLC
005 20200609155231.0
007 vd cvaizq
008 200406s2020 cau527 vleng d
040 _aTEFMT
_beng
_erda
_cTEFMT
_dTEF
_dOCLCF
_dUINTA
024 1 _a883929700127
028 4 2 _a1000750168
_bWarner Bros Ent. Canada Inc
035 _a(OCoLC)1149063278
037 _bMidwest Tape
_nhttp://www.midwesttapes.com
041 1 _aeng
_afre
_jfre
_jspa
_peng
_heng
043 _an-us-ok
050 4 _aPN1992.77
_b.W38 2020
082 0 4 _a791.45/75
_223
049 _aUCLB
245 0 0 _aWatchmen :
_ban HBO limited series.
250 _a[English/French dialogue version]
264 1 _aBurbank, CA :
_bWarner Bros. Home Entertainment,
_c[2020]
300 _a3 videodiscs (527 min.) :
_bsound, color ;
_c4 3/4 in.
336 _atwo-dimensional moving image
337 _avideo
338 _avideodisc
344 _adigital
_2rdatr
344 _boptical
_2rdarm
344 _gsurround
_2rdacpc
344 _hDolby digital 5.1
347 _avideo file
_2rdaft
347 _bDVD video
347 _eregion 1
_2rdare
380 _aTelevision programs
_2lcgft
538 _aDVD, region 1, wide screen; Dolby digital 5.1.
546 _aEnglish or French dialogue; French or Spanish subtitles; subtitled for the deaf and hard of hearing (SDH).
500 _aTitle from web page.
511 1 _aRegina King, Yahya Abdul-mateen Ii, Tom Mison, Sara Vickers, Jeremy Irons, Andrew Howard, Louis Gossett Jr., Jean Smart, Tim Blake Nelson, James Wolk, Frances Fisher, Don Johnson.
500 _aOriginally broadcast on the HBO Network in 2019.
500 _aWide screen.
521 8 _aRating: Not rated
_aCHV rating: 18A.
520 _aSet in an alternate history where masked vigilantes are treated as outlaws, this series embraces the nostalgia of the original groundbreaking graphic novel of the same name, while attempting to break new ground of its own.
500 _aSpecial features: 2 all-new exclusive documentaries; character trailers; Sister night, blonde man and looking glass; It's raining squids; Watchmen: masked and dangerous; 2019 New York Comic Con; becoming sister night; Watchmen: Alternate history; Watchmen: Unmasked; Andrij Parekh on directing; Squid shelter with Tim Blake Nelson; Anatomy of a fight scene; Glimpses - The visual effects of Watchmen; notes from Watchmen graphic novel artist Dave Gibbons; Rorschach featurette; Sadiqua Bynum runs, jumps and falls for Sister Night.
650 0 _aPolicewomen
_zOklahoma
_zTulsa
_vDrama.
_96361777
650 0 _aMurder
_xInvestigation
_zOklahoma
_zTulsa
_vDrama.
_96361778
650 0 _aDisguise
_vDrama.
_96361779
650 7 _aDisguise.
_2fast
_0(OCoLC)fst00895221
_96361780
650 7 _aMurder
_xInvestigation.
_2fast
_0(OCoLC)fst01029788
_988186
650 7 _aPolicewomen.
_2fast
_0(OCoLC)fst01068789
_96361781
651 7 _aOklahoma
_zTulsa.
_2fast
_0(OCoLC)fst01205469
_96361782
655 7 _aAction and adventure television programs.
_2fast
_0(OCoLC)fst01726304
_95676921
655 7 _aDrama.
_2fast
_0(OCoLC)fst01423879
_96361783
655 7 _aTelevision crime shows.
_2fast
_0(OCoLC)fst01710490
_95706353
655 7 _aTelevision programs.
_2fast
_0(OCoLC)fst01726253
_96361784
655 7 _aVideo recordings for the hearing impaired.
_2fast
_0(OCoLC)fst01710450
_96361785
655 7 _aTelevision crime shows.
_2lcgft
_95706353
655 7 _aAction and adventure television programs.
_2lcgft
_95676921
655 7 _aTelevision programs.
_2lcgft
_96361784
655 7 _aVideo recordings for the hearing impaired.
_2lcgft
_96361785
700 1 _aKing, Regina,
_eactor.
_961596
700 1 _aAbdul-mateen Ii, Yahya,
_eactor.
_96361786
700 1 _aMison, Tom,
_d1982-
_eactor.
_96361787
700 1 _aVickers, Sara
_c(Actor),
_eactor.
_96361788
710 2 _aHome Box Office (Firm),
_ebroadcaster.
_916921
710 2 _aWarner Bros. Home Entertainment (Firm),
_epublisher.
_95768895
730 0 2 _iContainer of (work):
_aWatchmen (Television program)
_96361789
730 0 2 _iContainer of (expression):
_aWatchmen (Television program).
_lFrench.
_96361790
994 _aC0
_bUINTA
999 _c350830
_d350830